000 00763nam a2200205 a 4500
003 0
005 20250312182445.0
008 080724s19uu xx 00 eng d
050 _aPGS PN 4832
_b.An581 2008
100 _aAng, Joanna Paola de Vera.
245 _aPopular magazines and body image of grade 10 female students of SISC /
_cJoanna Paola de Vera Ang.
260 _aLas PiƱas City, Philippines :
_bSouthville International School and Colleges,
_c2008.
300 _a22 pages :
_billustrations ;
_c28 cm.
504 _aIncludes bibliographical references.
650 _aBody image in adolescence.
650 _aSelf-perception in adolescence.
650 _aMagazines
_vSocial aspects.
650 _aMass media and women.
942 _2lcc
_cPASS
999 _c97926
_d97926